01103nam a22001577a 4500999001900000008004100019100002900060245008400089260001800173300002400191520058500215773001700800906002200817942000700839952009900846 c518927d518927211227b ||||| |||| 00| 0 eng d aVijayan, Suchitra932410 aNational insecurity: How "The family man" champions the carceral security state aThe Caravan  aJuly, 2021: p.26-31 aThe second season of The Family Man begins with Srikant Tiwari, a former intelligence officer of TASC—a fictitious intelligence agency akin to the Research & Analysis Wing—working at an IT company. He writes “TPS reports” for an overbearing boss who calls him the “minimum guy.” He has replaced eating vada pav at ungodly hours on the streets with overpriced salads. He drops and picks up his kids from school, pines for his old job and is concerned about the newly-formed government in Pakistan—all the while trying to salvage his crumbling marriage. – Reproduced aThe Caravan  aINTERNAL SECURITY cAR 00102ddc40709392982aIIPAbIIPAd2021-12-27hJuly, 2021: p.26-31pAR125971r2021-12-27yAR